|
|
|
|
| LEADER |
00000nab a2200000 a 4500 |
| 001 |
vtls011119568 |
| 003 |
SK-MaSNL |
| 005 |
20260303133018.0 |
| 008 |
230218|2013 xo |||||||||||||||||eng| |
| 015 |
|
|
|a SNBRB
|
| 035 |
|
|
|a (uuid)10de41bf-e12b-4d3d-98a3-108523ac0098
|
| 035 |
|
|
|a (urnnbn)urn:nbn:sk:snk:ar-a08okv
|
| 035 |
|
|
|a urn:nbn:sk:snk-ab9q67
|
| 040 |
|
|
|a SNKBUCL
|b slo
|c SNKBUCL
|e AACR2
|
| 041 |
0 |
|
|a eng
|
| 044 |
|
|
|a xo
|c SK
|
| 100 |
1 |
|
|a Daragó, Á.
|4 aut
|9 1151166
|
| 245 |
1 |
0 |
|a In vitro investigations on the biological control oi Xiphinema index with Trichoderma species
|c Á. Daragó, M. Szabó, K. Hrács, A. Takács, P. I. Nagy
|
| 700 |
1 |
|
|a Szabó, M.
|4 aut
|9 343606
|
| 700 |
1 |
|
|a Hrács, K.
|4 aut
|9 1151167
|
| 700 |
1 |
|
|a Takács, A.
|4 aut
|9 1151168
|
| 700 |
1 |
|
|a P. I. NAGY
|4 aut
|9 1151169
|
| 773 |
0 |
|
|t Helminthologia
|g Roč. 50, č. 2 (2013), s. 132-137
|
| 958 |
|
|
|a OND
|
| 958 |
|
|
|a EUIPO
|
| 958 |
|
|
|a article13
|
| 999 |
|
|
|c 1954708
|d 1956638
|